000
00212nam a22000857a 4500
008
170306b xxu||||| |||| 00| 0 eng d
100
_9
3030
_a
Flick.U.
245
_a
Qualitative Research
260
_a
New Delhi
_b
SAGE
_c
2010
999
_c
6275
_d
6275